000 00671nam a22002297a 4500
003 UA-OsUOA
001 95566
007 ta
008 20130305b un ||||| |||| 00| 0 ukr d
100 _aКарев Н.
090 _a821.161.1
_bК22
942 _cBK
040 _aUA-OsUOA
_brus
_cUA-OsUOA
_dUA-OsUOA
245 _aДвенадцать месяцев в году
_bэтюды о природе родного края
300 _a160 с.
955 _a3
041 _arus
080 _a821.161.1
260 _bКемеровское кн. изд-во
_c1986
650 7 _a82 Література. Літературознавство
_2UDC
999 _c381813
_d381813